Detalles MARC
| 000 -CABECERA |
| fixed length control field |
02596nam a22002417a 4500 |
| 003 - CONTROL NUMBER IDENTIFIER |
| control field |
AR-BeUNQ |
| 005 - FECHA Y HORA DE LA ULTIMA TRANSACCION |
| control field |
20260313170530.0 |
| 008 - ELEMENTOS DE LONGITUD FIJA-INFORMACION GENERAL |
| fixed length control field |
260313b20152026|||aocgddnbia 00| 0 spa d |
| 020 ## - NUMERO INTERNACIONAL NORMALIZADO PARA LIBROS |
| Número Internacional Normalizado del libro |
978987630208 |
| 040 ## - FUENTE DE CATALOGACION |
| Agencia de catalogación original |
AR-BeUNQ |
| Idioma de catalogación |
ESPAÑOL |
| Agencia que realiza la transcripción |
AR-BeUNQ |
| Convenciones de la descripción |
aacr |
| 082 ## - NUMERO DE CLASIFICACION DECIMAL DEWEYMBER |
| Número de la edición |
21 |
| Número de clasificación |
407 HIS |
| 110 ## - ASIENTO PRINCIPAL-NOMBRE CORPORATIVO |
| Nombre corporativo o de jurisdicción como elemento de entrada |
UNIVERSIDAD DE GENERAL SARMIENTO |
| 245 ## - MENCION DE TITULO |
| Título |
Historia de una literatura : |
| Otra información sobre el título |
Antinomia : Edición espacial para el Ministerio de Educacion de la Nación. |
| Mención de responsabilidad, etc |
Anibal Benitez, Maria Fonsalido, Facundo Nieto...[et.al] |
| Medio físico |
Libro. |
| 250 ## - MENCION DE EDICION |
| Mención de edición |
1a.ed |
| 260 ## - PUBLICACION, DISTRIBUCION, ETC. |
| Lugar de publicación, distribución, etc. |
Los Polvorines : |
| Nombre del editor, distribuidor, etc. |
Universidad de General Sarmiento, |
| Fecha de publicación, distribución, etc |
2015. |
| 300 ## - DESCRIPCION FISICA |
| Extensión |
280p. ; |
| Otros detalles físicos |
il. ; |
| Dimensiones |
27 cm |
| Material acompañante |
Actividades Finales. |
| 490 #3 - MENCION DE SERIE |
| Mención de serie |
Programa Universitario de Enseñanza de la Literatura. |
| 500 ## - NOTA GENERAL |
| Nota general |
istorias de una LITERATURA | Antinomias es un manual de enseñanza de literatura dirigido a alumnos de quinto y sexto año del secundario, realizado por investigadores docentes del Instituto del Desarrollo Humano de la Universidad Nacional de General Sarmiento, profesores del Instituto Superior de Formación Docente N° 42 de San Miguel y docentes de escuelas medias. El libro presenta textos literarios articulados en torno a diferentes ejes temáticos cinco antinomias que se desprenden de la gran dicotomía argentina: civilización/barbarie. Estos cinco ejes van diseñando modos de armar posibles historias de la literatura. Los textos literarios, de escritores que van desde los clásicos a los muy contemporáneos, aparecen acompañados de guías para su lectura (comentarios críticos y actividades de análisis), breves noticias sobre las vidas de los autores, datos de los contextos históricos en que fueron escritos y explicaciones de los conceptos teóricos utilizados. Además, los estudiantes encontrarán propuestas de escritura crítica cuya resolución implica la realización de recorridos de lectura y análisis propios, en vistas a la formación de un lector autónomo. Con el fin de ampliar lecturas y establecer relaciones entre la literatura argentina y otras de la región, este manual ofrece conexiones con textos literarios latinoamericanos, al final de cada capítulo. Finalmente, cada eje temático cierra con la sugerencia de otras lecturas y con vinculaciones con otros lenguajes artísticos. De este modo, el estudiante tiene la posibilidad de ampliar su horizonte de expectativas e indagar otras manifestaciones estéticas y críticas. <br/> |
| 650 ## - ASIENTO SECUNDARIO DE MATERIA - TERMINO TEMATICO |
| Fuente del encabezamiento o términ |
Literatura |
| Término temático o nombre geográfico como elemento de entrada |
tell |
| 651 ## - ASIENTO SECUNDARIO DE MATERIA - NOMBRE GEOGRAFICO |
| Nombre geográfico |
Argentina |
| Fuente del encabezamiento o término |
unescot |
| 929 ## - DATOS DE ADQUISICION |
| Procedencia |
DONACION |
| Proveedor |
Biblioteca Nacional |
| Orden de compra |
0 |
| Precio |
0 |
| Fecha de recibido |
22/11/24 |
| Patrimonio UNQ |
PAT 0084955 |
| Número de inventario |
63706 |
| 942 ## - ELEMENTOS DE PUNTO DE ACCESO ADICIONAL (KOHA) |
| Tipo de ítem Koha |
Libros |